01273nam a2200289 a 4500001001000000003000900010005001700019008003400036020001800070040002500088082002600113100002800139245010800167260004400275300002100319505023400340590002600574650004800600650003000648650003300678650004900711700003100760910004000791942001200831952012300843999001700966000046489DO-SdBNP20230726113908.0150819s2015 dr r 000 0 spa d a9789945166835 aDO-SdBNPbspacBPMSU 4a808.5bP438d 20152221 aPérez M., Diomarys A.10aDiscurso ideológico e identidad dominicana. /cDiomarys A. Pérez M. : prólogo Gerardo Roa Ogando. aSanto Domingo :bEditora Búho,c2015. a354 p. ;c23 cm. aDiscurso ideológico 35 -- Identidad personal e identidad cultural 91 -- Discurso identitario de la República Dominicana 159 -- Dos ejemplos ideológicos: el discurso de los políticos dominicanos y el discurso educativo 239 aInventariado, 2023/VM 4aOratoria dominicana xHistoria y crítica. 4aAnálisis del discurso  4aArgumentación (Retórica) 4aIdentidad cultural zRepública Dominicana1 aRoa Ogando, Gerardoeprol. aVMateo V. Control de calidad. BPMSU 2ddccBK 00102ddc40708CDaBPMETbBPMETd2023-07-26l0oBPMSU CD 808.5 P438d 2015pBPMSU23070071r2023-07-26w2023-07-26yBK c14453d14453